Estadística: paso a paso
Guardat en:
| Autor principal: | |
|---|---|
| Format: | Llibre |
| Idioma: | espanyol |
| Publicat: |
Ciudad de México
Trillas
1990
|
| Edició: | 3a. ed |
| Matèries: | |
| Etiquetes: |
Afegir etiqueta
Sense etiquetes, Sigues el primer a etiquetar aquest registre!
|
MARC
| LEADER | 00000nam a2200000 a 4500 | ||
|---|---|---|---|
| 001 | UCO7735 | ||
| 003 | CL-VaPUC | ||
| 008 | 001117e19900000MX |||||||||||||||||spa|d | ||
| 082 | 0 | 4 | |a 519.5 |b CHR |2 21 |
| 100 | 0 | |a Christensen, Howard B |e author |9 452431 | |
| 245 | 1 | 0 | |a Estadística: paso a paso |
| 250 | |a 3a. ed | ||
| 300 | |a 682 p | ||
| 942 | |c BK | ||
| 945 | |d 20001117 00:00:00 |a vberengu | ||
| 260 | |a Ciudad de México |b Trillas |c 1990 | ||
| 650 | 0 | |a Correlación (Estadística) |9 270267 | |
| 650 | 0 | |a Métodos estadísticos |9 259407 | |
| 650 | 7 | |a MUESTREO ESTADISTICA |2 CL-VaPUC |9 260839 | |
| 650 | 7 | |a REGRESION |2 CL-VaPUC |9 452432 | |
| 650 | 0 | |a Variables aleatorias |9 270745 | |
| 583 | |a last modification |c 20001117 00:00:00 |k Rodrigo Vera | ||
| 999 | |c 292616 |d 292614 | ||
| 952 | |0 0 |1 0 |4 0 |6 519_500000000000000_CHR_1990 |7 0 |8 A |9 343599 |a BIBGIM |b BIBGIM |d 2019-11-20 |i 3659305 |o 519.5 CHR 1990 |p 3659305 |r 2025-01-15 |w 2019-11-20 |y BK |k EST | ||